| 000 | 00577nam a2200181 a 4500 | ||
|---|---|---|---|
| 001 | 18334 | ||
| 005 | 20180713211615.0 | ||
| 008 | 140415s1987 mx 000 0 spa d | ||
| 020 | _a968251150X | ||
| 041 | _aspa | ||
| 082 |
_a614.07362 _bOLD |
||
| 100 | 1 | _aOLDS, SALLY B. | |
| 245 | 1 | 0 |
_aMANUAL DE ENFERMERIA MATERNO - INFANTIL : _bUN CONCEPTO INTEGRAL FAMILIAR |
| 260 |
_aMEXICO : _bINTERAMERICANA MC GRAW HILL, _c1987 |
||
| 650 | 1 | 4 |
_aENFERMERIA GINECOLOGICA _xENFERMERIA PEDIATRICA |
| 700 | 1 |
_aMARCIA L. LONDON _etr. |
|
| 740 | _aMATERNAL-NEWBORN NURSING | ||
| 999 |
_c18334 _d18334 |
||